MARC details
| 000 -CABECERA |
| campo de control de longitud fija |
01570cam a2200337 a 4500 |
| 001 - NÚMERO DE CONTROL |
| campo de control |
000014208 |
| 005 - FECHA Y HORA DE LA ÚLTIMA TRANSACCIÓN |
| campo de control |
20200929163524.0 |
| 008 - DATOS DE LONGITUD FIJA--INFORMACIÓN GENERAL |
| campo de control de longitud fija |
990521s2000 pe a f000 0 spa |
| 020 ## - NÚMERO INTERNACIONAL ESTÁNDAR DEL LIBRO |
| Número Internacional Estándar del Libro |
9972755002 (set) |
| 035 ## - NÚMERO DE CONTROL DEL SISTEMA |
| Número de control de sistema |
(DLC) 99208908 |
| 040 ## - FUENTE DE LA CATALOGACIÓN |
| Centro catalogador/agencia de origen |
DO-SdBNP |
| Lengua de catalogación |
spa |
| Centro/agencia transcriptor |
DLC |
| Centro/agencia modificador |
DLC |
| -- |
BNPHU |
| 082 ## - NÚMERO DE LA CLASIFICACIÓN DECIMAL DEWEY |
| Número de clasificación |
328.85 |
| Número de documento/Ítem |
P252s |
| 049 ## - FONDOS LOCALES (OCLC) |
| Fondos de biblioteca |
BNGR |
| 245 00 - MENCIÓN DE TÍTULO |
| Título |
Parlamento y sociedad en el Perú : |
| Resto del título |
bases documentales, siglo XIX / |
| Mención de responsabilidad, etc. |
selección y estudio preliminar de Pablo Macera. |
| 260 ## - PUBLICACIÓN, DISTRIBUCIÓN, ETC. |
| Lugar de publicación, distribución, etc. |
Lima : |
| Nombre del editor, distribuidor, etc. |
Fondo editorial del Congreso del Perú, |
| Fecha de publicación, distribución, etc. |
2000. |
| 300 ## - DESCRIPCIÓN FÍSICA |
| Extensión |
v. : |
| Otras características físicas |
il. ; |
| Dimensiones |
21 cm. |
| 505 0# - NOTA DE CONTENIDO CON FORMATO |
| Nota de contenido con formato |
t. 1.t. 2. t. 3. t. 4. v. 5. v. 6. v. 7.v. 8. |
| Título |
Geografía política de la costa peruana -- |
| 505 0# - NOTA DE CONTENIDO CON FORMATO |
| Información miscelánea |
t.2. |
| Título |
Geografía política de la sierra peruana -- |
| 505 0# - NOTA DE CONTENIDO CON FORMATO |
| Información miscelánea |
t.3. |
| Título |
Geografía política de la Amazonia : colonizacíon y comunicaciones -- |
| 505 0# - NOTA DE CONTENIDO CON FORMATO |
| Información miscelánea |
t.4. |
| Título |
Geografía política de la Amazonia : demarcación e informes socioeconómicos -- |
| 505 0# - NOTA DE CONTENIDO CON FORMATO |
| Información miscelánea |
t.5. |
| Título |
Geografía política de la costa norte-centro-sur (1861-1899) -- |
| 505 0# - NOTA DE CONTENIDO CON FORMATO |
| Información miscelánea |
t.6. |
| Título |
Geografía política de la sierra norte (1861-1899) -- |
| 505 0# - NOTA DE CONTENIDO CON FORMATO |
| Información miscelánea |
t.7. |
| Título |
Geografía política de la sierra centro (1861-1899) -- |
| 505 0# - NOTA DE CONTENIDO CON FORMATO |
| Información miscelánea |
t.8. |
| Título |
Geografía política de la sierra central (1861-1899). |
| 590 ## - NOTA LOCAL (RLIN) |
| Nota local |
La biblioteca posee los volumenes: 5, 6, 7 y 8. |
| 651 #0 - PUNTO DE ACCESO ADICIONAL DE MATERIA--NOMBRE GEOGRÁFICO |
| Nombre geográfico |
Perú |
| Subdivisión general |
Administrative And Political Divisions |
| -- |
History |
| Subdivisión de forma |
Sources. |
| 9 (RLIN) |
32095 |
| 610 10 - PUNTO DE ACCESO ADICIONAL DE MATERIA--NOMBRE DE ENTIDAD CORPORATIVA |
| Nombre de entidad corporativa o nombre de jurisdicción como elemento de entrada |
Perú. |
| Unidad subordinada |
Congreso. |
| 9 (RLIN) |
32096 |
| 700 1# - PUNTO DE ACCESO ADICIONAL--NOMBRE DE PERSONA |
| Nombre de persona |
Macera, Pablo. |
| 9 (RLIN) |
32097 |
| 710 1# - PUNTO DE ACCESO ADICIONAL--NOMBRE DE ENTIDAD CORPORATIVA |
| Nombre de entidad corporativa o nombre de jurisdicción como elemento de entrada |
Peru. |
| Unidad subordinada |
Congreso. |
| 9 (RLIN) |
32098 |
| 910 ## - DATOS DE OPCIÓN DEL USUARIO (OCLC) |
| Datos de opción del usuario |
Catalogación por copia / LC |